Outsourcing. Prestacin̤ de servicios de personal y sus implicaciones en materia de seguridad social

Detalles Bibliográficos
Formato: Libro
Lenguaje:español
Publicado: Mx̌ico Instituto Mexicano de Contadores Pb︢licos 2014
Materias:
Acceso en línea:Acceso restringido

MARC

LEADER 00000nam a22000007a 4500
005 20160223174624.0
008 160223s2014 mx ||||| |||| 00||0 spa d
020 |a 978-607-8331-96-3 
035 |a 13102 
040 |a vLex 
090 |c 5914  |d 5914 
245 1 0 |a Outsourcing. Prestacin̤ de servicios de personal y sus implicaciones en materia de seguridad social  |h [Recurso electrn̤ico] /  |c CROSS Comisin̤ Representativa ante Organismos de Seguridad social  
256 |a Servicio en ln̕ea  
260 |a Mx̌ico   |b Instituto Mexicano de Contadores Pb︢licos  |c 2014 
300 |a 1 recurso electrn̤ico  
500 |a En Mx̌ico la falta de capacidad para que la actividad econm̤ica recoja de manera permanente la mano de obra, los requerimientos de las empresas, las necesidades de abaratamiento de los costos y la competencia en el m̀bito internacional, obliga a recurrir al outsourcing. La Organizacin̤ Internacional del Trabajo (OIT) revela que casi la mitad del empleo formal generado en el pas̕ se realiza por medio de la contratacin̤ temporal, lo cual implica que cuatro de cada diez trabajadores mexicanos se encuentren en este esquema. Este desproporcionado incremento indica que en un afǹ por generar empleos, aunque no sean permanentes, el sistema o situacin̤ econm̤ica acepta esta actividad, pues representa una vl̀vula de escape contra el desempleo. En este entorno, el outsourcing no debe ser catalogado por definicin̤ como indebido o ilegal, en tanto el empresario cumpla a cabalidad sus obligaciones con las autoridades, el empleado y la misma sociedad. Por ello, esta obra titulada Outsourcing, prestacin̤ de servicios de personal y sus implicaciones en materia de seguridad social, presenta a la tercerizacin̤ como una figura moderna que trae consigo beneficios y obligaciones para las empresas, por lo que estas deben ser muy cuidadosas en la elaboracin̤ del contrato de servicios, al implantar medidas para asegurar el debido cumplimiento de los deberes del prestador del servicio, a fin de evitar que las autoridades fiscalizadoras determinen la responsabilidad solidaria o subsidiaria. 
506 1 |a Contenido solo disponible en los productos indicados  |d vLex Global  |d vLex Global (Academic Edition, excluding Law Schools)  |d vLex Global (U.S. Academic Edition, Law Schools)  |d vLex Global (U.S. Academic Edition, excluding Law Schools)  |d vLex Global (Academic Edition, Law Schools) 
650 0 4 |a Seguridad Social  |z Mx̌ico 
740 0 |a vLex libros (servicio en ln̕ea)  
856 4 0 |u http://vlex.com/source/outsourcing-prestacion-de-servicios-de-personal-y-sus-implicaciones-en-materia-de-seguridad-social-13102  |z Acceso restringido  
942 |c BOOK 
999 0 |a Social security